Political economy : (Record no. 5166)

MARC details
000 -LEADER
fixed length control field 00527pam a2200169 4500
001 - CONTROL NUMBER
control field 6119
010 ## - LIBRARY OF CONGRESS CONTROL NUMBER
LC control number 2012359323
020 ## - INTERNATIONAL STANDARD BOOK NUMBER
International Standard Book Number 9780195575019
100 1# - MAIN ENTRY--PERSONAL NAME
Personal name Stilwell, Frank J. B.
245 10 - TITLE STATEMENT
Title Political economy :
Remainder of title the contest of economic ideas /
Statement of responsibility, etc. Frank Stilwell.
250 ## - EDITION STATEMENT
Edition statement 3rd ed.
260 ## - PUBLICATION, DISTRIBUTION, ETC.
Place of publication, distribution, etc. Australia :
Name of publisher, distributor, etc. Oxford University Press,
Date of publication, distribution, etc. 2012.
300 ## - PHYSICAL DESCRIPTION
Extent xxi, 458 p. :
Other physical details ill. ;
Dimensions 25 cm.
504 ## - BIBLIOGRAPHY, ETC. NOTE
Bibliography, etc. note Includes bibliiographical references (p. 415-445) and index.
650 #0 - SUBJECT ADDED ENTRY--TOPICAL TERM
Topical term or geographic name entry element Comparative economics.
Topical term or geographic name entry element Economics.
Holdings
Withdrawn status Lost status Source of classification or shelving scheme Damaged status Not for loan Collection code Home library Current library Shelving location Date acquired Serial Enumeration / chronology Inventory number Total Checkouts Total Renewals Full call number Barcode Date last seen Date last checked out Price effective from Koha item type Copy number
    Dewey Decimal Classification     Main TEST RTC Library RTC Library Main opac 27/11/2018 9708 2 2 330 STI 30008162 21/06/2024 07/05/2024 27/11/2018 Main  
    Dewey Decimal Classification     Main TEST RTC Library RTC Library Main opac 27/11/2018 9720 4 4 330 STI 30008163 25/06/2024 07/05/2024 27/11/2018 Main 2
    Dewey Decimal Classification     Main TEST RTC Library RTC Library Main opac 27/11/2018 9721 2 2 330 STI 30008130 26/06/2024 14/05/2024 27/11/2018 Main 3
    Dewey Decimal Classification     Main TEST RTC Library RTC Library Main opac 27/11/2018 9722 2 5 330 STI 30008164 21/06/2024 07/05/2024 27/11/2018 Main 4
Royal Thimphu College || All Right Reserved